Welcome to CU Library Online Public Access Catalogue (OPAC)

Kaplan & Sadock's synopsis of psychiatry : (Record no. 3569)

MARC details
000 -LEADER
fixed length control field 01137cam a22002774a 4500
001 - CONTROL NUMBER
control field 14769799
005 - DATE AND TIME OF LATEST TRANSACTION
control field 20250207172612.0
008 - FIXED-LENGTH DATA ELEMENTS--GENERAL INFORMATION
fixed length control field 070313s2007 paua b 001 0 eng
020 ## - INTERNATIONAL STANDARD BOOK NUMBER
International Standard Book Number 9780781773270 (pbk. : alk. paper)
020 ## - INTERNATIONAL STANDARD BOOK NUMBER
International Standard Book Number 078177327X (pbk. : alk. paper)
050 00 - LIBRARY OF CONGRESS CALL NUMBER
Classification number RC454
Item number .K35 2007
082 00 - DEWEY DECIMAL CLASSIFICATION NUMBER
Classification number 616.89
Edition information 22
100 1# - MAIN ENTRY--PERSONAL NAME
Personal name Sadock, Benjamin James
Dates associated with a name 1933-
245 10 - TITLE STATEMENT
Title Kaplan & Sadock's synopsis of psychiatry :
Remainder of title behavioral sciences/clinical psychiatry.
Statement of responsibility, etc. Benjamin James Sadock, Virginia Alcott Sadock.
250 ## - EDITION STATEMENT
Edition statement 10th ed. /
Remainder of edition statement Benjamin James Sadock, Virginia Alcott Sadock.
260 ## - PUBLICATION, DISTRIBUTION, ETC.
Place of publication, distribution, etc. Philadelphia :
Name of publisher, distributor, etc. Wolter Kluwer/Lippincott Williams & Wilkins,
Date of publication, distribution, etc. c2007.
300 ## - PHYSICAL DESCRIPTION
Extent xv, 1470 p. :
Other physical details ill. (some col.) ;
Dimensions 27 cm.
650 #0 - SUBJECT ADDED ENTRY--TOPICAL TERM
Topical term or geographic name entry element Mental illness.
650 #0 - SUBJECT ADDED ENTRY--TOPICAL TERM
Topical term or geographic name entry element Psychiatry.
650 12 - SUBJECT ADDED ENTRY--TOPICAL TERM
Topical term or geographic name entry element Mental Disorders.
700 1# - ADDED ENTRY--PERSONAL NAME
Personal name Kaplan, Harold I.,
Dates associated with a name 1927-
700 1# - ADDED ENTRY--PERSONAL NAME
Personal name Sadock, Virginia Alcott
856 41 - ELECTRONIC LOCATION AND ACCESS
Materials specified Table of contents only
Uniform Resource Identifier <a href="http://www.loc.gov/catdir/toc/ecip0713/2007010597.html">http://www.loc.gov/catdir/toc/ecip0713/2007010597.html</a>
856 42 - ELECTRONIC LOCATION AND ACCESS
Materials specified Publisher description
Uniform Resource Identifier <a href="http://www.loc.gov/catdir/enhancements/fy0743/2007010597-d.html">http://www.loc.gov/catdir/enhancements/fy0743/2007010597-d.html</a>
942 ## - ADDED ENTRY ELEMENTS (KOHA)
Source of classification or shelving scheme Library of Congress Classification
Koha item type Books
Edition 10th ed.
Suppress in OPAC No
999 ## -
-- 3569
-- 3569
Holdings
Withdrawn status Lost status Source of classification or shelving scheme Damaged status Not for loan Collection Home library Current library Shelving location Date acquired Total checkouts Full call number Barcode Date last seen Copy number Price effective from Koha item type
    Library of Congress Classification     Non-fiction Science Library (Miotso) Science Library (Miotso) General stacks 02/07/2025   RC454 .K35 SAD SLM00003013 02/07/2025 1 02/07/2025 Books
© 2023-2024 Copyright: Central University Libraries. All Rights Reserved | Created by: Mahone Tech Office